003890000a220010900045001000019000002450052000193000047000717730046001189420008001649520090001729990017002621 aWeerstra, Judy10aThe boomer generation : For such a time as this aVol. 11, Núm 3 (1994), Páginas 129-1320 tInternational Journal of Frontier Misions cANA 001040708HEMaFUSBCbFUSBCd2016-01-26l0o r2016-01-26 00:00:00w2016-01-26yANA c55388d55388